|
|
|
|
| LEADER |
00000nam a2200000 a 4500 |
| 001 |
vtls011737317 |
| 003 |
SK-MaSNL |
| 005 |
20260302090637.0 |
| 008 |
240318s2017 hu oa 001 0 eng |
| 015 |
|
|
|a SNBZSA2018/01
|
| 020 |
|
|
|a 9789633861578
|q (viazané)
|
| 035 |
|
|
|a urn:nbn:sk:snk-am00dk01
|
| 035 |
|
|
|a urn:nbn:sk:snk-am3i4pt
|
| 035 |
|
|
|a B626C237-1DE2-48CF-9ED5-1983B3BCA18A
|
| 040 |
|
|
|a SNK
|b slo
|c SNK
|e AACR2
|
| 041 |
0 |
|
|a eng
|
| 043 |
|
|
|a e-xr---
|
| 044 |
|
|
|a hu
|c HU
|
| 072 |
|
7 |
|a 72
|x Architektúra
|2 konspekt
|
| 080 |
|
|
|a 726:27-523.42
|2 2011
|
| 080 |
|
|
|a 72
|2 2011
|
| 080 |
|
|
|a 322
|2 2011
|
| 080 |
|
|
|a 726:2-523.4
|2 2011
|
| 080 |
|
|
|a 299.5:140.8
|2 2011
|
| 080 |
|
|
|a 7.025.3/.4
|2 2011
|
| 080 |
|
|
|a (437.311)
|2 2011
|
| 080 |
|
|
|a (048.8)
|2 2011
|
| 080 |
|
|
|a 72.071
|2 2011
|
| 100 |
1 |
|
|a Berglund, Bruce R.
|4 aut
|9 302686
|
| 245 |
1 |
0 |
|a Castle and cathedral in modern Prague
|b longing for the sacred in a Skeptical Age
|c Bruce R. Berglund
|
| 260 |
|
|
|a Budapest
|b CEU PRESS - Central European University Press
|c 2017
|
| 300 |
|
|
|a 372 s.
|b fotogr., ilustr.
|c 24 cm
|
| 504 |
|
|
|a Bibliogr. ; bibliogr. odkazy ; register
|
| 648 |
|
7 |
|a 20. stor.
|2 SNKPH
|9 275975
|
| 650 |
0 |
7 |
|a kostoly
|2 SNKPH
|9 3023
|
| 650 |
0 |
7 |
|a Churches
|2 SNKPHeng
|9 268754
|
| 650 |
0 |
7 |
|a katedrály
|2 SNKPH
|9 3032
|
| 650 |
0 |
7 |
|a Cathedrals
|2 SNKPHeng
|9 302791
|
| 650 |
0 |
7 |
|a náboženstvo a politika
|2 SNKPH
|9 3954
|
| 650 |
0 |
7 |
|a Religion and politics
|2 SNKPHeng
|9 316706
|
| 650 |
0 |
7 |
|a cirkevná architektúra
|2 SNKPH
|9 727
|
| 650 |
0 |
7 |
|a Church architecture
|2 SNKPHeng
|9 302692
|
| 650 |
0 |
7 |
|a sekularizmus
|2 SNKPH
|9 71212
|
| 650 |
0 |
7 |
|a Secularism
|2 SNKPHeng
|9 314815
|
| 650 |
0 |
7 |
|a obnova a rekonštrukcia pamiatok
|2 SNKPH
|9 91110
|
| 650 |
0 |
7 |
|a Renewal and reconstruction of monuments
|2 SNKPHeng
|9 265904
|
| 650 |
0 |
7 |
|a architekti
|2 SNKPH
|9 2959
|
| 650 |
0 |
7 |
|a Architects
|2 SNKPHeng
|9 275799
|
| 651 |
|
7 |
|a Praha (Česko)
|2 SNKPH
|9 19313
|
| 651 |
|
7 |
|a Prague (Czech Republic)
|2 SNKPHeng
|9 317613
|
| 655 |
|
7 |
|a monografie
|2 SNKPH
|9 70139
|
| 655 |
|
7 |
|a Monographs
|2 SNKPHeng
|9 120675
|
| 919 |
|
|
|a 978-963-386-157-8
|
| 958 |
|
|
|a ZS
|
| 958 |
|
|
|a NB
|
| 999 |
|
|
|c 1197545
|d 1199475
|
| 952 |
|
|
|a SNK
|b SNK
|y PREZ
|7 0
|p 17A1307585
|o snkSC 177718
|i snk2018/1458
|8 3
|g 61.60
|0 0
|1 0
|4 0
|d 2018-01-18
|f 1
|l 0
|r 2025-09-19 00:00:00
|w 2026-02-24
|